Мадона (Запис номер 120123)
[ съкратено ]
| 000 -Лидер | |
|---|---|
| Контролно поле с фиксирана дължина | nam a22 a 4500 |
| 003 - Код на организацията, давaща контролен номер | |
| Контролно поле | BLK |
| 005 - Дата и час на последна редакция | |
| Контролно поле | 20230223095818.0 |
| 008 - Елементи от данни с фиксирана дължина | |
| fixed length control field | 180409b bul|||||r ||||||| ||bul|| |
| 010 ## - Наследен системен номер | |
| LC control number | KNG00125739000 |
| 040 ## - Източник на каталожния запис | |
| Идентификатор на билиотеката - собственик на записа | BLK |
| 041 ## - Код за език | |
| Код за езика на текст/звукозапис или на отделно заглавие | Български |
| Код за езика КДБФ | Български |
| 080 ## - УДК | |
| Текстов определител УДК | Други видове песни. Изпълнители |
| УДК код - определител по УДК | 784.7.071.2 |
| УДК определител | (73)(092) |
| УДК - код + определител | 784.7.071.2(73)(092) |
| 080 ## - УДК | |
| Текстов определител УДК | Чиконе, Мадона Луиз Вероника. Американска поппевица |
| УДК код - определител по УДК | 929 Мадона |
| УДК - код + определител | 929 Мадона |
| 100 1# - Редна дума - Автор | |
| Автор | Андерсен, Кристофър |
| Авторска отговорност | първи автор |
| R(LIN) | 316493 |
| 139 ## - Редно поле | |
| Редна дума | Андерсен, Кристофър |
| Авторски знак | Мад - М 14 |
| 245 10 - Сведения за заглавието | |
| Заглавие | Мадона |
| Подзаглавни данни | Биогр. |
| Редно поле (дума) | Кристофър Андерсен; прев. от англ. Орлин Чочев. |
| 257 ## - Страна на издаване | |
| Страна на създаване/издаване | Съединени американски щати |
| 260 ## - Област на издателските данни | |
| Място на издаване, разпространение и проч. | София |
| Име на издателя, разпространителя и проч. | Петекс |
| Година на издаване | 1992 |
| 300 ## - Физическа характеристика | |
| Страници | 255 с. |
| Размери/Мащаб | 20 см |
| 380 ## - Жанр | |
| Жанр | Изкуство |
| 500 ## - Общи забележки | |
| Забележка | Без сведение за ориг. загл . - Други прев. : В. Данова, А. Джибров. - Пълното име на Мадона е Мадона Луиз Вероника Чиконе. |
| 600 14 - Име на лице, използвано като предмет | |
| За него / За нея | Мадона |
| 9 (RLIN) | 298418 |
| 650 #4 - Допълнително описание по предмет – тема | |
| Основно описание – тема или топоним | Попмузика, американска |
| 9 (RLIN) | 265310 |
| 650 #4 - Допълнително описание по предмет – тема | |
| Основно описание – тема или топоним | Артисти, американски |
| 9 (RLIN) | 250937 |
| 650 #4 - Допълнително описание по предмет – тема | |
| Основно описание – тема или топоним | Мадона |
| 9 (RLIN) | 298418 |
| 651 #4 - Допълнително описание по предмет - топоним | |
| Географско понятие | САЩ |
| 9 (RLIN) | 179493 |
| 653 ## - Ключова дума – ненормативна | |
| Ключова дума | Мадона |
| 653 ## - Ключова дума – ненормативна | |
| Ключова дума | американска музика |
| 653 ## - Ключова дума – ненормативна | |
| Ключова дума | попзвезди |
| 653 ## - Ключова дума – ненормативна | |
| Ключова дума | попмузика |
| 700 1# - Други автори (авторска отговорност) | |
| Лично име | Чочев, Орлин |
| Автороска отговорност (Описва отношението между автора и произведението) | прев. от англ. |
| 9 (RLIN) | 316494 |
| 852 ## - Местоположение | |
| Форматна сигнатура | Цб 169056 |
| Фондова буква | Хранилище |
| 856 4# - Електронен адрес и достъп | |
| Електронен формат | pdf - файл |
| Инструкция (цена за достъп) | 0.00 |
| Права за достъп | disable |
| 856 4# - Електронен адрес и достъп | |
| Електронен формат | pdf - файл |
| Инструкция (цена за достъп) | 0.00 |
| Права за достъп | disable |
| 999 ## - СИСТЕМНИ КОНТРОЛНИ НОМЕРА | |
| Koha biblionumber | 120123 |
| Koha biblioitemnumber | 120123 |
| 942 ## - АРТИКУЛИ | |
| Вид на библиотечния материал | Книги |
| Скрит в OPAC | Не |
| Периодичен библиозапис | Да |
| 944 ## - СЪЗДАВАНЕ И РЕДАКЦИЯ на ЗАПИСА | |
| Създаване/Редакция | Създаване |
| Дата на регистрацията/редакция | 28.09.2011 |
| Статус, дата на статуса | 28.09.2011 - от С1,Р / 28.09.2011 |
| Служител, извършил регистрацията/редакцията | Ирена_Линкова |
| 944 ## - СЪЗДАВАНЕ И РЕДАКЦИЯ на ЗАПИСА | |
| Създаване/Редакция | Редакция |
| Дата на регистрацията/редакция | 07.06.2013 |
| Статус, дата на статуса | 28.09.2011 - от С1,Р / 28.09.2011 |
| 999 ## - СИСТЕМНИ КОНТРОЛНИ НОМЕРА | |
| Koha biblioitemnumber | 120123 |
| Код за отписване | Код за изгубен артикул | Източник на класификационната схема | Код за повреда | Коз за рестрикции | Код за отдаване | Артикулен № | Име на библиотеката - собственик | Име на библиотеката, в която се намира в момента | Статус (Текущо местоположение) | Дата на вписване в системата | Местоположение - отдел | Цена в лева | Инвентарен номер | Систематично азбучна сигнатура | Баркод | Номер на екземпляра | Цена в евро | Служебна бележка | Служебен тип на артикула |
|---|---|---|---|---|---|---|---|---|---|---|---|---|---|---|---|---|---|---|---|
| Не е изгубен | Universal Decimal Classification | Не е повреден | само за читалня | ползва се в читалня | 193919 | Регионална библиотека "Любен Каравелов" Русе | Регионална библиотека "Любен Каравелов" Русе | Хранилище | 1992-01-01 | Хранилище | 0.00 | 568809 | Цб 169056 | 120000568809 | 1 | 0.00 | Дост: Dp Вид: Д N: стар фонд Дата: 01.01.1992 | Книги | |
| Не е изгубен | Universal Decimal Classification | Не е повреден | без рестрикции | заемане за дома | 193920 | Регионална библиотека "Любен Каравелов" Русе | Регионална библиотека "Любен Каравелов" Русе | Отдел Изкуство - подръчен фонд | 1992-01-01 | Отдел Изкуство - подръчен фонд | 0.70 | 578303 | 784.7(092)/М 14 | 120000578303 | 2 | 0.36 | Дост: Pk Вид: Ф N: стар фонд Дата: 01.01.1992 Дата инв: 05.04.2017 Бележки инв: ИП2017 | Книги | |
| Не е изгубен | Universal Decimal Classification | Не е повреден | без рестрикции | заемане за дома | 679646 | Регионална библиотека "Любен Каравелов" Русе | Регионална библиотека "Любен Каравелов" Русе | Отдел Изкуство - подръчен фонд | 2018-08-28 | Отдел Изкуство - подръчен фонд | 0.37 | 120000821954 | 784.7(092)/М 14 | 120000821954 | 3 | 0.19 | Книги |